00380nam a2200169Ia 4500003000900000008004100009040001300050040001300063041000800076100001800084245006000102250001100162260001400173260000900187300000800196490000600204IT-RoPAU120407s9999 xx 000 0 und d aIT-RoPAU cIT-RoPAU aita aAda Ruschioni aLineamenti di una storia della poesia e dell’estetica aMilano aMarzorati c1966 c cm v1